Logos - Fast Food - Statistiques

Statistiques générales
  • Ce quiz a été pris 1 009 fois
  • Le résultat moyen est 8 sur 12
Statistiques - réponses
Par images Réponse % Correct
KFC
100%
Domino's pizza
99%
Subway
96%
Quick
95%
Starbucks
94%
O'Tacos
84%
Taco Bell
59%
Dunkin' Donuts
54%
Wendy's
49%
Popeyes
22%
Shake Shack
18%
Pokawa
15%
Aucun quiz correspondant
Distribution des résultats
% des personnes avec chaque résultat
Percentile par nombre de réponses
Votre historique - résultats
Vous n’avez pas pris ce quiz